| 000 | 00778nam a2200181 a 4500 | ||
|---|---|---|---|
| 003 | 0 | ||
| 005 | 20250522144721.0 | ||
| 008 | 030519s19uu xx 00 eng d | ||
| 050 |
_aPHS HQ 755.85 _b.E43 2003 |
||
| 100 | _aElazegui, Cassandra Camille Espiritu. | ||
| 245 |
_aThe Degree of parental influence on the career choice & college selection of 4th year students in Southville International School and De La Salle Zobel / _cCassandra Camille Espiritu Elazegui. |
||
| 260 |
_aLas PiƱas City, Philippines : _bSouthville International School and Colleges, _c2003. |
||
| 300 |
_a46 pages : _billustrations ; _c28 cm. |
||
| 504 | _aIncludes bibliographical references. | ||
| 650 |
_aParent and child _zPhilippines. |
||
| 650 |
_aCollege choice _zPhilippines. |
||
| 942 |
_2lcc _cPASS |
||
| 999 |
_c96782 _d96782 |
||